000 00570nam a2200193 a 4500
001 1772447158800
003 YourLibrary
005 20260302160218.0
008 260302s1996##################000#0#eng##
020 _a9780198292029
082 0 4 _a327.17405
_bOXE'1996
100 1 _aInstitute, Stockholm International Peace Research,
_eauthor.
245 1 0 _aArmaments, Disarmament and International Security 1996 :
260 _bRoutledge,
_c1996.
300 _a870 pages
650 0 _aArms and armaments.
942 _cENGLISH
040 _aYourLibrary
_beng
_cYourLibrary
999 _c616565
_d616565